[Event "Carnaval"]
[Site "Quebec CAN"]
[Date "2002.02.09"]
[Round "2"]
[White "Fortier, Marc-Andre"]
[Black "Papineau (Granby), Daniel"]
[Result "1-0"]
[WhiteElo "2163"]
[BlackElo "1904"]
[PlyCount "58"]
[EventDate "2002.02.08"]
[EventType "swiss"]
[EventRounds "5"]
[EventCountry "CAN"]

1. e4 d5 2. exd5 Nf6 3. d4 Bg4 4. f3 Bf5 5. Bb5+ Nbd7 6. Nc3 a6 7. Ba4 b5 8.
Bb3 Nb6 9. Nge2 Nbxd5 10. Nxd5 Nxd5 11. Ng3 Bg6 12. O-O e6 13. f4 Qd7 14. a4 b4
15. Qf3 f5 16. Re1 c6 17. c4 bxc3 18. bxc3 O-O-O 19. Bc4 h5 20. Bxa6+ Kc7 21.
Bd2 h4 22. Nh1 Bh5 23. Qd3 Be7 24. Nf2 Rb8 25. Nh3 Rhf8 26. Ng5 Bxg5 27. fxg5
Qd6 28. c4 Ne7 29. c5 Qd5 1-0

[Event "Carnaval"]
[Site "Quebec CAN"]
[Date "2002.02.09"]
[Round "2"]
[White "Goldenberg, Danny"]
[Black "Caire, Francois"]
[Result "1-0"]
[WhiteElo "2304"]
[BlackElo "2120"]
[PlyCount "73"]
[EventDate "2002.02.08"]
[EventType "swiss"]
[EventRounds "5"]
[EventCountry "CAN"]

1. e4 e5 2. Nf3 Nc6 3. d4 exd4 4. Bc4 Nf6 5. O-O Nxe4 6. Re1 d5 7. Bxd5 Qxd5 8.
Nc3 Qa5 9. Nxe4 Be6 10. Bd2 Qb6 11. Bg5 Be7 12. Bxe7 Nxe7 13. Qxd4 Qxd4 14.
Nxd4 O-O-O 15. Nxe6 fxe6 16. Ng5 Rd2 17. Nxe6 Nc6 18. Nxg7 Rxc2 19. f4 Nd4 20.
f5 Rf8 21. Rad1 c5 22. Re5 b6 23. b4 Rf7 24. Ne6 Nxf5 25. bxc5 Nh4 26. Rg5 Rf6
27. Rg8+ Kb7 28. c6+ Ka6 29. c7 Rxe6 30. c8=Q+ Rxc8 31. Rxc8 Re2 32. Rc4 Nxg2
33. Ra4+ Kb7 34. Rd7+ Kc6 35. Raxa7 Nh4 36. Rac7+ Kb5 37. a4+ 1-0

[Event "Carnaval"]
[Site "Quebec CAN"]
[Date "2002.02.10"]
[Round "2"]
[White "Hamilton, Robert"]
[Black "Bannon, Eric"]
[Result "1-0"]
[WhiteElo "2276"]
[BlackElo "2221"]
[PlyCount "81"]
[EventDate "2002.02.08"]
[EventType "swiss"]
[EventRounds "5"]
[EventCountry "CAN"]

1. d4 Nf6 2. c4 g6 3. Nc3 Bg7 4. e4 d6 5. f3 O-O 6. Be3 e5 7. Nge2 c6 8. Qd2
Nbd7 9. d5 cxd5 10. cxd5 a6 11. a4 Nh5 12. g4 Nf4 13. Nxf4 exf4 14. Bxf4 Ne5
15. Be2 f5 16. gxf5 gxf5 17. O-O Bd7 18. Bg3 Rc8 19. Kh1 Be8 20. exf5 Rxf5 21.
Ne4 Kh8 22. Qb4 Nf7 23. Qxb7 Rc2 24. Qxa6 Rxb2 25. Rad1 Rb6 26. Qd3 Bxa4 27.
Rb1 Bd7 28. f4 Rxb1 29. Rxb1 Qa5 30. Rb8+ Nd8 31. Bh4 Rf8 32. Bxd8 Rxd8 33. Ng5
Kg8 34. Qxh7+ Kf8 35. Qh5 Kg8 36. Qf7+ Kh8 37. Rxd8+ Qxd8 38. Qg6 Kg8 39. Qxd6
Qc8 40. Kg2 Bf5 41. Qe7 1-0

[Event "Carnaval"]
[Site "Quebec CAN"]
[Date "2002.02.09"]
[Round "2"]
[White "Khassanov, Marat"]
[Black "Tremblay, Sylvain"]
[Result "0-1"]
[WhiteElo "2417"]
[BlackElo "2211"]
[PlyCount "86"]
[EventDate "2002.02.08"]
[EventType "swiss"]
[EventRounds "5"]
[EventCountry "CAN"]

1. d4 Nf6 2. g3 d5 3. c4 c6 4. Nd2 g6 5. Bg2 Bg7 6. Ngf3 O-O 7. O-O Nbd7 8. Qc2
dxc4 9. Nxc4 Nb6 10. Nxb6 axb6 11. e4 Bg4 12. Be3 Ra6 13. a4 Qa8 14. Ne5 b5 15.
b3 Rc8 16. Qc5 Bf8 17. Bg5 Be6 18. Qc2 Nd7 19. Nd3 bxa4 20. bxa4 b5 21. Rfc1
Rxa4 22. Rxa4 Qxa4 23. Qxa4 bxa4 24. d5 Bg4 25. f3 Bg7 26. Bxe7 Bd4+ 27. Kf1 c5
28. fxg4 a3 29. Rc2 Rb8 30. Ra2 Rb1+ 31. Ne1 Rb2 32. Rxa3 Rf2+ 33. Kg1 Rf3+ 34.
Re3 Bxe3+ 35. Kh1 Rf2 36. Nf3 c4 37. e5 c3 38. e6 fxe6 39. dxe6 Nc5 40. Ne1 Re2
41. Bd5 Rxe1+ 42. Kg2 c2 43. Bf6 Nxe6 0-1

[Event "Carnaval"]
[Site "Quebec CAN"]
[Date "2002.02.09"]
[Round "2"]
[White "Marcone, Malcom"]
[Black "Chabot, Roland"]
[Result "1-0"]
[WhiteElo "1967"]
[BlackElo "2118"]
[PlyCount "91"]
[EventDate "2002.02.08"]
[EventType "swiss"]
[EventRounds "5"]
[EventCountry "CAN"]

1. d4 Nf6 2. c4 d6 3. Nc3 Nbd7 4. e4 e5 5. Nf3 Be7 6. g3 O-O 7. Bg2 c6 8. O-O
Re8 9. h3 a6 10. Be3 b5 11. cxb5 cxb5 12. Nd2 Bb7 13. d5 b4 14. Na4 a5 15. Qb3
Ba6 16. Rfc1 Qb8 17. Bf1 Bxf1 18. Rxf1 Rc8 19. Rfc1 Qb7 20. Qd3 Ne8 21. Nc4 Qa6
22. Rc2 Rc7 23. Rac1 Rac8 24. Kf1 h6 25. h4 Nef6 26. f3 Nh5 27. Kf2 g5 28. hxg5
Bxg5 29. b3 Ng7 30. Rh1 Rf8 31. f4 f5 32. Kg2 exf4 33. gxf4 fxe4 34. Qxe4 Re8
35. Qd3 Bd8 36. Bd4 Nf6 37. Bxf6 Bxf6 38. Rxh6 Rf8 39. Qh7+ Kf7 40. Nab6 Rxc4
41. Nxc4 Ke7 42. Re2+ Kf7 43. Re6 Be7 44. Qg6+ Kg8 45. Rxe7 Rf7 46. Qxf7# 1-0

[Event "Carnaval"]
[Site "Quebec CAN"]
[Date "2002.02.09"]
[Round "2"]
[White "Ramaswamy, Kishor"]
[Black "Trinh, Tri Bao"]
[Result "1/2-1/2"]
[WhiteElo "2122"]
[BlackElo "2018"]
[PlyCount "81"]
[EventDate "2002.02.08"]
[EventType "swiss"]
[EventRounds "5"]
[EventCountry "CAN"]

1. d4 Nf6 2. Nf3 c5 3. c3 d5 4. Bf4 Qb6 5. Qb3 c4 6. Qc2 Nc6 7. Nbd2 Nh5 8. Be5
f6 9. Bg3 g6 10. e4 e6 11. e5 f5 12. Bh4 Be7 13. Bxe7 Kxe7 14. b3 cxb3 15. axb3
Bd7 16. Qc1 a6 17. Qa3+ Ke8 18. h3 f4 19. b4 Rc8 20. Nb3 Na7 21. Nc5 Nb5 22.
Qa4 Bc6 23. Qb3 Ke7 24. c4 Nc7 25. Qa3 dxc4 26. Bxc4 Bb5 27. Qb3 Bxc4 28. Qxc4
Nd5 29. Rb1 a5 30. b5 Ng7 31. Ng5 h6 32. Nge4 Nf5 33. O-O g5 34. Rfc1 Rhg8 35.
Nf6 Rgd8 36. Qd3 Nb4 37. Qe4 Qxb5 38. Nxb7 Rxd4 39. Rxc8 Rxe4 40. Rc7+ Kf8 41.
Nh7+ 1/2-1/2

[Event "Carnaval"]
[Site "Quebec CAN"]
[Date "2002.02.09"]
[Round "2"]
[White "Singher, Jean-Pierre"]
[Black "Audet-Bouchard, Nicolas"]
[Result "1-0"]
[WhiteElo "1979"]
[BlackElo "2033"]
[PlyCount "56"]
[EventDate "2002.02.08"]
[EventType "swiss"]
[EventRounds "5"]
[EventCountry "CAN"]

1. d4 Nf6 2. Nf3 b6 3. c4 e6 4. a3 Bb7 5. Nc3 Be7 6. Qc2 c5 7. dxc5 bxc5 8. e4
d6 9. Be2 Nc6 10. Be3 e5 11. O-O O-O 12. Nd5 Nd4 13. Bxd4 exd4 14. b4 Nxd5 15.
exd5 Bf6 16. Bd3 g6 17. Rab1 Qc7 18. Nd2 Rfc8 19. Ne4 Bg7 20. bxc5 dxc5 21. Rb5
Bf8 22. d6 Qc6 23. Rxc5 Qa6 24. Rxc8 Rxc8 25. c5 Qc6 26. Nf6+ Kg7 27. Be4 Qa6
28. Qb2 Bxe4 1-0

[Event "Carnaval"]
[Site "Quebec CAN"]
[Date "2002.02.09"]
[Round "2"]
[White "Soudre, Nicolas"]
[Black "Ouimet, Bernard"]
[Result "0-1"]
[WhiteElo "2193"]
[BlackElo "2001"]
[PlyCount "80"]
[EventDate "2002.02.08"]
[EventType "swiss"]
[EventRounds "5"]
[EventCountry "CAN"]

1. e4 e5 2. Nf3 Nc6 3. Nc3 Nf6 4. d4 exd4 5. Nxd4 Bb4 6. Nxc6 bxc6 7. Bd3 O-O
8. O-O d5 9. exd5 cxd5 10. Bg5 Bb7 11. Ne2 c5 12. c3 Ba5 13. Bc2 Qd6 14. Ng3
Bc7 15. f4 Rfe8 16. Nf5 Qb6 17. Qf3 d4 18. Qg3 Ne4 19. Bxe4 Bxe4 20. Nxg7 Kxg7
21. Bh6+ Kf6 22. Rae1 Qc6 23. c4 Rg8 24. Bg5+ Kg7 25. Qh4 Rae8 26. Qg3 Qg6 27.
h4 Kh8 28. h5 Qf5 29. Qh4 Bd8 30. g4 Bxg5 31. fxg5 Qxg5 32. Qxg5 Rxg5 33. Rf4
Rge5 34. Rxf7 R5e7 35. Rf6 Kg7 36. g5 Re6 37. h6+ Kg8 38. Rf4 Bg6 39. Rxe6 Rxe6
40. b4 d3 0-1

[Event "Carnaval"]
[Site "Quebec CAN"]
[Date "2002.02.09"]
[Round "3"]
[White "Boudreau, Daniel"]
[Black "Charbonneau, Anne-Marie"]
[Result "1/2-1/2"]
[WhiteElo "2058"]
[BlackElo "1944"]
[PlyCount "99"]
[EventDate "2002.02.08"]
[EventType "swiss"]
[EventRounds "5"]
[EventCountry "CAN"]

1. e4 c5 2. Nc3 g6 3. d3 Bg7 4. Be3 d6 5. Qd2 Nc6 6. g3 e6 7. Bg2 Rb8 8. Nge2
Nd4 9. O-O Ne7 10. Nd1 O-O 11. Nc1 Qc7 12. c3 Ndc6 13. Bh6 d5 14. Bxg7 Kxg7 15.
f4 d4 16. c4 f5 17. e5 a6 18. Nb3 Na7 19. Qe2 b6 20. Nd2 Bb7 21. Nf3 Qd7 22.
Rc1 Nac6 23. Nf2 h6 24. h3 Nb4 25. a3 Nbc6 26. Nh1 Na5 27. Qc2 Bc6 28. b3 Kf7
29. Rb1 Nb7 30. Rfc1 Kg7 31. Qd2 Qc7 32. Nf2 Kf7 33. b4 Ba4 34. Rb2 Nd8 35.
Rcb1 Ndc6 36. Qc1 Rg8 37. b5 Na5 38. h4 axb5 39. Rxb5 Bxb5 40. Rxb5 Nac6 41.
Qb2 Rb7 42. Ne1 g5 43. Qe2 gxf4 44. gxf4 Ra7 45. Nc2 Ng6 46. Nh3 Qd8 47. Kf1
Na5 48. Ne1 Qxh4 49. Nf3 Qg4 50. Rxb6 1/2-1/2

[Event "Carnaval"]
[Site "Quebec CAN"]
[Date "2002.02.09"]
[Round "3"]
[White "Gaspariants, Vladimir"]
[Black "Lawson, Eric"]
[Result "1-0"]
[WhiteElo "2211"]
[BlackElo "2133"]
[PlyCount "75"]
[EventDate "2002.02.08"]
[EventType "swiss"]
[EventRounds "5"]
[EventCountry "CAN"]

1. e4 c5 2. Nf3 Nc6 3. Bb5 Nf6 4. Bxc6 dxc6 5. d3 Bg4 6. h3 Bxf3 7. Qxf3 Nd7 8.
Qg3 e5 9. Bg5 f6 10. Bd2 Qb6 11. b3 O-O-O 12. Nc3 Bd6 13. O-O g5 14. Nd1 h5 15.
Ne3 Qc7 16. Qf3 Rdg8 17. Qf5 Kd8 18. Rab1 a5 19. a3 Ke7 20. Nc4 b6 21. b4 axb4
22. axb4 cxb4 23. Bxb4 Bxb4 24. Rxb4 b5 25. Ne3 Qd6 26. Rfb1 g4 27. h4 Nc5 28.
Ra1 Na4 29. Nd5+ Kd8 30. Rbb1 g3 31. c4 gxf2+ 32. Kf1 Rg4 33. c5 Qxc5 34. Qxf6+
Kd7 35. Qf7+ Kd8 36. Qc7+ Ke8 37. Nf6+ Kf8 38. Nd7+ 1-0

[Event "Carnaval"]
[Site "Quebec CAN"]
[Date "2002.02.09"]
[Round "3"]
[White "Khassanov, Marat"]
[Black "Saint Amand, Paul"]
[Result "1-0"]
[WhiteElo "2417"]
[BlackElo "2154"]
[PlyCount "53"]
[EventDate "2002.02.08"]
[EventType "swiss"]
[EventRounds "5"]
[EventCountry "CAN"]

1. d4 Nf6 2. c4 e5 3. dxe5 Ng4 4. e3 Nxe5 5. f4 Nec6 6. Nf3 Bc5 7. Nc3 d6 8. a3
a5 9. Bd3 Nd7 10. O-O Nf6 11. Kh1 O-O 12. Ng5 h6 13. Nge4 Nxe4 14. Nxe4 Bb6 15.
Qh5 f5 16. Nc3 Be6 17. Bd2 Qe8 18. Qf3 Qf7 19. Nd5 Rae8 20. Rae1 Ba7 21. Bc3
Kh8 22. Qh3 Kh7 23. Rf3 Bxd5 24. cxd5 Qxd5 25. Rg3 Re7 26. e4 Qe6 27. Re2 1-0

[Event "Carnaval"]
[Site "Quebec CAN"]
[Date "2002.02.09"]
[Round "3"]
[White "Pageau, Roger"]
[Black "Lawson, Jonathan"]
[Result "0-1"]
[WhiteElo "1915"]
[BlackElo "1577"]
[PlyCount "106"]
[EventDate "2002.02.08"]
[EventType "swiss"]
[EventRounds "5"]
[EventCountry "CAN"]
[Source "CFC"]
[SourceDate "2002.04.??"]

1. d4 Nf6 2. Nf3 g6 3. Bf4 Bg7 4. e3 d6 5. h3 O-O 6. Bd3 Nbd7 7. O-O Nh5 8. Bg5
h6 9. Bh4 Nb6 10. c3 f5 11. Nbd2 Qe8 12. Be2 Nf6 13. Bg3 g5 14. Re1 g4 15. hxg4
fxg4 16. Nh2 h5 17. e4 e5 18. dxe5 dxe5 19. f3 gxf3 20. Bxf3 Nbd7 21. Nc4 Bh6
22. Nf1 Bg5 23. Qe2 h4 24. Bh2 Rf7 25. Nfe3 b5 26. Nd2 a6 27. Nd5 Nxd5 28. exd5
Bb7 29. Bh5 Bxd5 30. Qg4 Rg7 31. Bxe8 Be3+ 32. Rxe3 Rxg4 33. Nf3 Rxe8 34. Rd1
c6 35. b3 Rf8 36. Ne1 Rf5 37. Rd2 Rfg5 38. Rde2 e4 39. Rf2 Ne5 40. Bxe5 Rxe5
41. Kh2 Kg7 42. Nc2 Reg5 43. Nd4 Rg3 44. Rfe2 Kf6 45. Rf2+ Ke5 46. Ree2 e3 47.
Nf3+ Bxf3 48. Rxe3+ Be4 49. Rfe2 Rxe3 50. Rxe3 Rxg2+ 51. Kh3 Rg3+ 52. Rxg3 hxg3
53. Kxg3 Bb1 0-1

[Event "Carnaval"]
[Site "Quebec CAN"]
[Date "2002.02.09"]
[Round "3"]
[White "Pescarus, Dana"]
[Black "Ramaswamy, Kishor"]
[Result "0-1"]
[WhiteElo "1681"]
[BlackElo "2122"]
[PlyCount "60"]
[EventDate "2002.02.08"]
[EventType "swiss"]
[EventRounds "5"]
[EventCountry "CAN"]

1. c4 c6 2. Nc3 d5 3. e3 Nf6 4. d4 e6 5. Bd3 Nbd7 6. Nge2 dxc4 7. Bxc4 b5 8.
Bd3 Bb7 9. f3 a6 10. O-O c5 11. b3 Be7 12. Bb2 O-O 13. Qc2 Rc8 14. Qd2 cxd4 15.
Nxd4 Nc5 16. Rfd1 Nxd3 17. Qxd3 Qb6 18. Qe2 Rfd8 19. Rac1 Bc5 20. Nb1 Nd5 21.
Kh1 h6 22. a3 Be7 23. b4 Bg5 24. f4 Bf6 25. h3 Rxc1 26. Rxc1 Nxf4 27. exf4 Bxd4
28. Bxd4 Qxd4 29. Re1 Qxf4 30. Nc3 Rd2 0-1

[Event "Carnaval"]
[Site "Quebec CAN"]
[Date "2002.02.09"]
[Round "3"]
[White "Schleifer, Michael"]
[Black "Bolduc, Steve"]
[Result "1-0"]
[WhiteElo "2388"]
[BlackElo "2154"]
[PlyCount "119"]
[EventDate "2002.02.08"]
[EventType "swiss"]
[EventRounds "5"]
[EventCountry "CAN"]

1. e4 c5 2. Nf3 Nc6 3. Bb5 e5 4. O-O d6 5. c3 Nf6 6. d4 Bd7 7. Bxc6 Bxc6 8.
dxe5 dxe5 9. Nxe5 Qxd1 10. Rxd1 Bxe4 11. c4 Be7 12. Nc3 Bc2 13. Re1 O-O 14. Bg5
h6 15. Bh4 g5 16. Bg3 Bd6 17. Ng4 Nxg4 18. Bxd6 Rfd8 19. Be7 Rd2 20. Bxc5 Rc8
21. Bxa7 Rxc4 22. h3 Nf6 23. Re7 g4 24. Be3 Rd6 25. h4 g3 26. fxg3 Nh5 27. Bf2
Rg6 28. Re3 Rcg4 29. Nd5 Kh7 30. Rf1 f5 31. Rc3 Be4 32. Ne3 Nxg3 33. Bxg3 Rxg3
34. Rf2 Rg7 35. Kf1 f4 36. Rxf4 Bxg2+ 37. Ke2 Bc6 38. Kd3 Rh3 39. Kd4 Rh2 40.
Rc2 Rd7+ 41. Kc5 Rh3 42. Rc3 Rd2 43. Rb4 Re2 44. Nd5 Rhh2 45. Nf6+ Kg6 46. Rf4
Rc2 47. Ng8 Bh1 48. Rg4+ Kf5 49. Nxh6+ Ke5 50. Rgc4 Rxc3 51. Ng4+ Ke6 52. Nxh2
Rxc4+ 53. Kxc4 Bd5+ 54. Kc5 Bxa2 55. Ng4 Kf5 56. Ne3+ Kf4 57. Kd4 Bf7 58. b4
Kg3 59. Nf5+ Kg4 60. Nh6+ 1-0

[Event "Carnaval"]
[Site "Quebec CAN"]
[Date "2002.02.09"]
[Round "3"]
[White "Tremblay, Sylvain"]
[Black "Hamilton, Robert"]
[Result "0-1"]
[WhiteElo "2211"]
[BlackElo "2276"]
[PlyCount "114"]
[EventDate "2002.02.08"]
[EventType "swiss"]
[EventRounds "5"]
[EventCountry "CAN"]

1. d4 Nf6 2. c4 e6 3. Nc3 Bb4 4. e3 O-O 5. Nf3 c5 6. a3 Bxc3+ 7. bxc3 d6 8. Be2
Nc6 9. O-O e5 10. d5 Na5 11. Nd2 b6 12. e4 Re8 13. f3 Ba6 14. Rf2 Kf8 15. Qc2
Ke7 16. Qa2 Kd7 17. Nb3 Nxb3 18. Qxb3 Kc7 19. a4 Bc8 20. a5 Bd7 21. g4 Qe7 22.
Bd1 Reb8 23. Qa3 Qe8 24. Rfa2 Qc8 25. axb6+ Rxb6 26. Rb2 Rxb2 27. Qxb2 a5 28.
Ba4 Bxa4 29. Rxa4 Qa6 30. Qd2 Qc8 31. Qg5 Qf8 32. Qf5 h6 33. Bxh6 Nd7 34. Bc1
Nb6 35. Ra1 Nxc4 36. Kf2 Qe7 37. Ke2 Rh8 38. Kd3 g6 39. Bg5 Nb2+ 40. Ke3 gxf5
41. Bxe7 fxg4 42. fxg4 Rxh2 43. Kf3 a4 44. Kg3 Rc2 45. Ra3 Kb6 46. Kh4 Kb5 47.
Ra2 Kc4 48. Bxd6 Kb3 49. Ra1 a3 50. Bxc5 a2 51. d6 Rd2 52. Kg5 Na4 53. Bb4 Nxc3
54. Bxc3 Kxc3 55. Kf5 Kb2 56. Rh1 Rxd6 57. Kxe5 Re6+ 0-1

[Event "Carnaval"]
[Site "Quebec CAN"]
[Date "2002.02.09"]
[Round "3"]
[White "Trinh, Tri Bao"]
[Black "Papineau (Granby), Daniel"]
[Result "1/2-1/2"]
[WhiteElo "2018"]
[BlackElo "1904"]
[PlyCount "34"]
[EventDate "2002.02.08"]
[EventType "swiss"]
[EventRounds "5"]
[EventCountry "CAN"]

1. e4 d6 2. d4 g6 3. Nc3 Bg7 4. Be3 c6 5. Qd2 a6 6. a4 Qa5 7. Nf3 Nd7 8. Bd3 e5
9. O-O Ngf6 10. h3 O-O 11. dxe5 dxe5 12. Ne2 Qc7 13. a5 Rd8 14. Nc3 Bf8 15. Ng5
Bc5 16. Bc4 Rf8 17. Bxf7+ Rxf7 1/2-1/2

[Event "Carnaval"]
[Site "Quebec CAN"]
[Date "2002.02.10"]
[Round "4"]
[White "Bolduc, Steve"]
[Black "Philippe, Denis"]
[Result "1-0"]
[WhiteElo "2154"]
[BlackElo "1999"]
[PlyCount "50"]
[EventDate "2002.02.08"]
[EventType "swiss"]
[EventRounds "5"]
[EventCountry "CAN"]

1. d4 d5 2. c4 c6 3. Nc3 Nf6 4. Nf3 e6 5. cxd5 cxd5 6. Bf4 Nc6 7. e3 Nh5 8. Bg3
Nxg3 9. hxg3 Qb6 10. Qd2 Bd7 11. Rc1 Bb4 12. Bd3 f5 13. g4 fxg4 14. Ne5 Nxe5
15. dxe5 h6 16. Bg6+ Kd8 17. O-O h5 18. a3 Bxc3 19. Rxc3 Rc8 20. e4 Rxc3 21.
bxc3 Qc5 22. Qg5+ Kc8 23. Bxh5 dxe4 24. Bxg4 Qc4 25. Rd1 Qxc3 1-0

[Event "Carnaval"]
[Site "Quebec CAN"]
[Date "2002.02.10"]
[Round "4"]
[White "Bourassa, Andre"]
[Black "Glode, Martin"]
[Result "1/2-1/2"]
[WhiteElo "1562"]
[BlackElo "1925"]
[PlyCount "49"]
[EventDate "2002.02.08"]
[EventType "swiss"]
[EventRounds "5"]
[EventCountry "CAN"]

1. d4 d5 2. c4 c6 3. Nc3 Nf6 4. Bg5 e6 5. e3 Nbd7 6. Nf3 Qa5 7. Bxf6 Nxf6 8.
Bd3 dxc4 9. Bxc4 Nd5 10. Qb3 Bb4 11. Rc1 O-O 12. O-O Re8 13. e4 Nxc3 14. bxc3
Bd6 15. e5 Be7 16. Rfe1 b6 17. Re4 Ba6 18. Rg4 Bxc4 19. Qxc4 Qd5 20. Qe2 Rac8
21. Qd2 g6 22. c4 Qd8 23. Qf4 Kg7 24. h4 h5 25. Ng5 1/2-1/2

[Event "Carnaval"]
[Site "Quebec CAN"]
[Date "2002.02.10"]
[Round "4"]
[White "Drolet, Stephane"]
[Black "Boudreau, Daniel"]
[Result "1/2-1/2"]
[WhiteElo "2037"]
[BlackElo "2058"]
[PlyCount "90"]
[EventDate "2002.02.08"]
[EventType "swiss"]
[EventRounds "5"]
[EventCountry "CAN"]

1. Nf3 Nf6 2. c4 b6 3. g3 Bb7 4. Bg2 g6 5. O-O Bg7 6. Nc3 d6 7. d4 e6 8. d5 O-O
9. e4 a5 10. dxe6 fxe6 11. Nd4 Re8 12. b3 Na6 13. Bb2 Nc5 14. Re1 Nfd7 15. Re2
Ne5 16. Rd2 h5 17. Qc2 Qe7 18. Re1 Qf7 19. f4 Ng4 20. Nf3 Bf6 21. a3 Rab8 22.
h3 Nh6 23. Ng5 Qe7 24. Nf3 Kh8 25. e5 dxe5 26. Nxe5 Bxe5 27. Rxe5 Bxg2 28. Kxg2
Nf5 29. g4 hxg4 30. hxg4 Ng7 31. Nd5 Qf7 32. Ne3 Rbd8 33. Kg3 Rxd2 34. Qxd2 Nd7
35. Qh2+ Kg8 36. Rg5 Nf6 37. Kf3 Nh7 38. Re5 Rd8 39. Qc2 Rf8 40. Qe4 Qf6 41.
Kg3 g5 42. f5 Qh6 43. Ng2 Nf6 44. Qf3 exf5 45. gxf5 g4 1/2-1/2

[Event "Carnaval"]
[Site "Quebec CAN"]
[Date "2002.02.10"]
[Round "4"]
[White "Lawson, Eric"]
[Black "Bannon, Eric"]
[Result "1-0"]
[WhiteElo "2133"]
[BlackElo "2221"]
[PlyCount "57"]
[EventDate "2002.02.08"]
[EventType "swiss"]
[EventRounds "5"]
[EventCountry "CAN"]

1. d4 Nf6 2. Bg5 Ne4 3. Bf4 d5 4. f3 Nf6 5. e4 e6 6. e5 Nfd7 7. Be3 c5 8. c3
Nc6 9. f4 Qb6 10. Qd2 Qa5 11. Nf3 cxd4 12. cxd4 Nb6 13. Nc3 Bd7 14. Rc1 Rc8 15.
Kf2 Bb4 16. a3 Bxc3 17. Rxc3 Na4 18. Rc2 O-O 19. b4 Qd8 20. Bd3 a6 21. Rhc1 b5
22. Qe2 g6 23. Kg1 Nb6 24. f5 exf5 25. Qf2 f6 26. e6 Be8 27. Bh6 Nc4 28. Re1
Nd6 29. Rxc6 1-0

[Event "Carnaval"]
[Site "Quebec CAN"]
[Date "2002.02.10"]
[Round "4"]
[White "Masse, Hugues"]
[Black "Tremblay, Sylvain"]
[Result "0-1"]
[WhiteElo "2124"]
[BlackElo "2211"]
[PlyCount "75"]
[EventDate "2002.02.08"]
[EventType "swiss"]
[EventRounds "5"]
[EventCountry "CAN"]

1. e4 c5 2. Nf3 e6 3. d4 cxd4 4. Nxd4 Nf6 5. Nc3 d6 6. Be2 Be7 7. O-O a6 8. f4
Qc7 9. Be3 Nbd7 10. a4 b6 11. Bf3 Bb7 12. Nb3 O-O 13. g4 Nc5 14. Nxc5 bxc5 15.
g5 Nd7 16. Qe2 Rfe8 17. Rad1 Bf8 18. Nb1 d5 19. Nd2 Bc6 20. e5 Bxa4 21. b3 Bc6
22. Qg2 Rec8 23. Bf2 Nb6 24. h4 g6 25. h5 a5 26. Qg4 a4 27. hxg6 hxg6 28. bxa4
Nxa4 29. Kg2 Nc3 30. Rc1 d4 31. Ra1 Rxa1 32. Rxa1 Qb7 33. Bxc6 Qxc6+ 34. Qf3
Qd5 35. Qxd5 exd5 36. Nb1 Ne4 37. Kf3 Rb8 38. Bg1 0-1

[Event "Carnaval"]
[Site "Quebec CAN"]
[Date "2002.02.10"]
[Round "4"]
[White "Ouimet, Bernard"]
[Black "Fortier, Marc-Andre"]
[Result "0-1"]
[WhiteElo "2001"]
[BlackElo "2163"]
[PlyCount "86"]
[EventDate "2002.02.08"]
[EventType "swiss"]
[EventRounds "5"]
[EventCountry "CAN"]

1. e4 c5 2. Nf3 d6 3. d4 cxd4 4. Nxd4 Nf6 5. Nc3 g6 6. Be3 Bg7 7. Bc4 Nc6 8. f3
O-O 9. Qd2 Bd7 10. O-O-O Ne5 11. Bb3 Qa5 12. Kb1 Rfc8 13. h4 Nc4 14. Bxc4 Rxc4
15. Nb3 Qc7 16. Bd4 Be6 17. g4 Rc8 18. h5 a5 19. a4 Rb4 20. hxg6 hxg6 21. g5
Bxb3 22. gxf6 Rxd4 23. Qxd4 Bxf6 24. Qd2 Be6 25. Nd5 Bxd5 26. exd5 Qb6 27. c3
Bxc3 28. Qc2 Rc5 29. Rd3 Bf6 30. Qb3 Qxb3 31. Rxb3 Rxd5 32. Rxb7 Rd4 33. Rb8+
Kg7 34. Rbh8 g5 35. R1h7+ Kg6 36. Rh6+ Kf5 37. Rf8 Rxa4 38. Rxf7 Rb4 39. Kc1 a4
40. Rh2 Rb3 41. Re2 Rxf3 42. Rexe7 Kg6 43. Ra7 Bxb2+ 0-1

[Event "Carnaval"]
[Site "Quebec CAN"]
[Date "2002.02.10"]
[Round "4"]
[White "Papineau (Granby), Daniel"]
[Black "Pescarus, Radu"]
[Result "1-0"]
[WhiteElo "1904"]
[BlackElo "2028"]
[PlyCount "107"]
[EventDate "2002.02.08"]
[EventType "swiss"]
[EventRounds "5"]
[EventCountry "CAN"]

1. d4 Nf6 2. c4 e6 3. Nc3 Bb4 4. f3 d5 5. Bg5 h6 6. Bh4 O-O 7. a3 Bxc3+ 8. bxc3
b6 9. Qc2 Bb7 10. e3 Nbd7 11. Bd3 c5 12. cxd5 exd5 13. Ne2 Re8 14. Bf2 Nf8 15.
O-O Qc8 16. Bf5 Qc7 17. Rac1 Ne6 18. Rfe1 g6 19. Bg3 Qe7 20. Bd3 c4 21. Bxg6
fxg6 22. Qxg6+ Qg7 23. Qc2 Ng5 24. Nf4 Bc8 25. Rb1 Qh7 26. Qf2 Bf5 27. Bh4 Qg7
28. a4 Kh8 29. Qf1 Qd7 30. Qf2 Qxa4 31. Qg3 Ngh7 32. e4 dxe4 33. Ng6+ Bxg6 34.
Qxg6 Ng8 35. fxe4 Qd7 36. Bg3 Nf8 37. Qh5 Kh7 38. Rf1 Re7 39. Rf5 Ne6 40. Rbf1
Ng7 41. Rf7 Rae8 42. Be5 Rxf7 43. Rxf7 Re7 44. Rxe7 Qxe7 45. Qf3 Qg5 46. h3 Ne7
47. Qf7 Nc6 48. Bxg7 Qxg7 49. Qf5+ Qg6 50. Qd7+ Kg8 51. e5 Kf8 52. e6 Qe8 53.
Qd6+ Ne7 54. Qe5 1-0

[Event "Carnaval"]
[Site "Quebec CAN"]
[Date "2002.02.10"]
[Round "4"]
[White "Soudre, Nicolas"]
[Black "Ramaswamy, Kishor"]
[Result "1/2-1/2"]
[WhiteElo "2193"]
[BlackElo "2122"]
[PlyCount "72"]
[EventDate "2002.02.08"]
[EventType "swiss"]
[EventRounds "5"]
[EventCountry "CAN"]

1. e4 c6 2. d4 d5 3. Nd2 dxe4 4. Nxe4 Bf5 5. Ng3 Bg6 6. Nf3 Nd7 7. h4 h6 8. h5
Bh7 9. Bd3 Bxd3 10. Qxd3 Ngf6 11. Bd2 Qc7 12. O-O-O e6 13. Ne4 Nxe4 14. Qxe4
Nf6 15. Qe2 O-O-O 16. g3 c5 17. Rh4 Rd5 18. Bc3 Rxh5 19. Rxh5 Nxh5 20. dxc5
Bxc5 21. Be5 Qb6 22. Nd4 Rd8 23. Nb5 Rxd1+ 24. Kxd1 Nf6 25. Qc4 Qc6 26. Qd3
Qh1+ 27. Kd2 Ne4+ 28. Ke2 Qh5+ 29. f3 Qxe5 30. fxe4 Qh5+ 31. Kd2 a6 32. Nd6+
Bxd6 33. Qxd6 Qg5+ 34. Ke2 Qh5+ 35. Kd2 Qa5+ 36. Ke2 Qh5+ 1/2-1/2

[Event "Carnaval"]
[Site "Quebec CAN"]
[Date "2002.02.10"]
[Round "4"]
[White "Trinh, Tri Bao"]
[Black "Corriveau, Philippe"]
[Result "0-1"]
[WhiteElo "2018"]
[BlackElo "1886"]
[PlyCount "48"]
[EventDate "2002.02.08"]
[EventType "swiss"]
[EventRounds "5"]
[EventCountry "CAN"]

1. e4 e5 2. Nf3 Nc6 3. d4 exd4 4. Bc4 Nf6 5. O-O Nxe4 6. Re1 d5 7. Bxd5 Qxd5 8.
Nc3 Qa5 9. Nxe4 Be6 10. Bd2 Bb4 11. Nxd4 Nxd4 12. c3 Be7 13. cxd4 Qd5 14. Bb4
Bxb4 15. Qa4+ c6 16. Qxb4 a5 17. Qa3 O-O-O 18. Nc3 Qxd4 19. Qxa5 Kb8 20. Re4
Qa7 21. Qe5+ Kc8 22. Ra4 Qb8 23. Qxg7 Rhg8 24. Qxh7 Rh8 0-1

[Event "Carnaval"]
[Site "Quebec CAN"]
[Date "2002.02.10"]
[Round "5"]
[White "Boudreau, Daniel"]
[Black "Levesque, Denis"]
[Result "1/2-1/2"]
[WhiteElo "2058"]
[BlackElo "1836"]
[PlyCount "39"]
[EventDate "2002.02.08"]
[EventType "swiss"]
[EventRounds "5"]
[EventCountry "CAN"]

1. e4 d6 2. d4 Nf6 3. Nc3 e5 4. dxe5 dxe5 5. Qxd8+ Kxd8 6. Bg5 c6 7. O-O-O+ Kc7
8. Bc4 Be6 9. Bxe6 fxe6 10. Nge2 h6 11. Bh4 g5 12. Bg3 Bd6 13. Rd3 Nbd7 14.
Rhd1 Ne8 15. Nd4 Nc5 16. Ndb5+ cxb5 17. Rxd6 Nxd6 18. Bxe5 Rhd8 19. Bxd6+ Kc6
20. e5 1/2-1/2

[Event "Carnaval"]
[Site "Quebec CAN"]
[Date "2002.02.10"]
[Round "5"]
[White "Corriveau, Philippe"]
[Black "Philippe, Denis"]
[Result "1/2-1/2"]
[WhiteElo "1886"]
[BlackElo "1999"]
[PlyCount "33"]
[EventDate "2002.02.08"]
[EventType "swiss"]
[EventRounds "5"]
[EventCountry "CAN"]

1. e4 c6 2. d4 d5 3. Nc3 dxe4 4. Nxe4 Nd7 5. Bc4 Ngf6 6. Ng3 Nb6 7. Bb3 a5 8.
c3 a4 9. Bc2 Be6 10. N1e2 Bd5 11. O-O e6 12. f4 h5 13. f5 h4 14. Nh1 h3 15.
gxh3 Rxh3 16. Nf4 Rh4 17. fxe6 1/2-1/2